000 00880nam a2200277 a 4500
001 000040680
003 DO-SdBNP
005 20210910135112.0
008 130905s2013 dr ac 000 0 spa d
020 _a9789945489934
040 _aDO-SdBNP
_bspa
_cBPMSU
082 _a701.18
_bM433v 2013
_222
100 1 _aMatos, Gilda
245 1 0 _aLibro-Blog :
_bvisión del arte /
_cGilda Matos ; colaboradores Ángel Mejía, José Rafael Sosa
260 _aSanto Domingo :
_bSantuario,
_c2013.
300 _a209 p. :
_bils., retrs. ;
_c23 cm.
500 _aIncluye datos biográficos de la autora en la solapa de la cubierta
590 _6Inventariado. 2021/VM
650 4 _aArte dominicano
_xHistoria y crítica.
650 4 _aDanza
650 4 _aHistoria del arte.
700 1 _aMejía, Ángel
700 1 _a Sosa, José Rafael
910 _aVMateo V.
942 _2ddc
_cBK
999 _c13721
_d13721